Word Ladder: Will Self Destruct in 90 Seconds Quiz Stats

 Plays Quiz Updated Sep 6, 2014

Support Sporcle.
Go Orange.
Score 0/21 Timer 01:30
1 Play Today
Clue 4-letter word % Correct
Past tense of wearWORE
88.7%
Capital of ItalyROME
85.9%
Flower often given as a gift; usually red, with thorns on stemROSE
84.4%
What you need to defuse, quickly☢ BOMB ☢
82.7%
To move upwardRISE
82%
Thin, flexible strand of metal☢ WIRE ☢
80.4%
To exhaust or become wearyTIRE
78.8%
Stephen Hawking, 'A Brief History of ____'☢ TIME ☢
78.7%
Footwear that covers the ankle and part of the legBOOT
77.8%
Large, heavy bookTOME
77.7%
Common ingredient in sushiRICE
76.3%
Clue 4-letter word % Correct
Foolish or stupid personBOOB
64.9%
Sound that an explosion might make☢ BOOM ☢
64.7%
'Super Freak' ____ JamesRICK
64.5%
To gaze upon somethingLOOK
64.3%
Small bloodsucking arachnid☢ TICK ☢
62%
Tuft of hairLOCK
60.4%
Device used for weaving yarnLOOM
60%
Word that often follows the previous answer☢ TOCK ☢
53.6%
Herb often used in making food, medicine, or potionsWORT
44.2%
Small granular diamond, used as an abrasiveBORT
40.2%

Today's Daily Dose

You're not logged in!

Compare scores with friends on all Sporcle quizzes.
OR
Log In
Forgot?

From the Vault

What Planet...

by WackyZacky

This quiz is out of this world.
Remove Ads.
Support Sporcle.
Get the best of Sporcle when you Go Orange. This ad-free experience offers more features, more stats, and more fun while also helping to support Sporcle. Thank you for becoming a member.

Show Comments

Extras

Top Quizzes Today


Score Distribution

Your Account Isn't Verified!

In order to create a playlist on Sporcle, you need to verify the email address you used during registration. Go to your Sporcle Settings to finish the process.

Report this User

Report this user for behavior that violates our Community Guidelines.

Details: